00618nam a2200181Ia 4500008004100000020001800041082002700059100003400086245003400120250000600154260002400160300001100184440002600195500003400221650006300255952010100318999001700419120622s9999 xx 000 0 und d a968-432-562-2 a086.1 S479c v.273 1984 aAlcott, Louisa May, 1832-1888 aHombrecitos / Luisa M. Alcott a4 aMéxico : Porrúa a161 p. aSepan cuántos ; 273 aTítulo original: Little men a1. NOVELA ESTADOUNIDENSE \ 2. LITERATURA ESTADOUNIDENSEÌ 00104070a01b01d2007-01-25l0o086.1 S479C V.273 1984p01 002435r2012-06-24w2012-06-24yLB c56581d56581